| LEADER |
01340nam0a2200253 450 |
| 001 |
16867829 |
| 010 |
|
|
|a 978-2-7459-6505-9
|b br.
|d 14,95
|
| 100 |
|
|
|a 20131013d2013 u u0frey01 ba
|
| 101 |
0 |
|
|a fre
|
| 102 |
|
|
|a FR
|
| 200 |
0 |
|
|a Copain des bois
|e le guide des petits trappeurs
|f Renée Kayser
|g avec la collaboration de Natacha Scheidhauer - illustrations de Dorothée Jost, Hélène Appel-Mertiny, Alban Caumont et al.
|
| 205 |
|
|
|a Nouvelle présentation
|
| 207 |
|
1 |
|a
|
| 215 |
|
|
|a 254 p.
|c ill en coul
|d 26 cm
|
| 300 |
|
|
|a Glossaire. Index. Sites Internet
|
| 330 |
|
|
|a Des informations et des activités pour apprendre à connaître les bois : reconnaître les arbres et les traces de divers animaux, cueillir les fruits des bois, mieux connaître l'écologie et la défense de ce milieu, s'orienter, construire une cabane, fabriquer des objets, cuisiner en plein air, etc. Avec un cahier pratique sur les métiers de la forêt et des adresses.
|
| 606 |
0 |
|
|a Nature
|x Ouvrages pour la jeunesse
|
| 606 |
0 |
|
|a Ecologie des forêts
|x Ouvrages pour la jeunesse
|
| 676 |
|
|
|a 796.5
|
| 700 |
|
0 |
|a Kayser
|b Renée
|4 70
|
| 702 |
|
0 |
|a Scheidhauer-Fradin
|b Natacha
|f 1966-....
|4 205
|
| 900 |
|
|
|a Roman (enfants)
|
| 901 |
|
|
|a Jeunesse
|
| 995 |
|
|
|a Médiathèque
|c Médiathèque
|f 00156010098234
|h 00156010098234
|k E 796.5 KAY
|o p
|q j
|r az
|e Médiathèque
|